| 000 | 00914nam a22002417a 4500 | ||
|---|---|---|---|
| 001 | 65606 | ||
| 003 | BD-RjUL | ||
| 005 | 20211209081438.0 | ||
| 008 | 170308s1995 ii a|||| b||| 00| 0 ben d | ||
| 020 | _c: TK. 55.00 | ||
| 035 | _a(BD-RjUL)65736 | ||
| 040 |
_aBD-RjUL _bben _cBD-RjUL _dBD-RjUL |
||
| 041 | _aben | ||
| 082 |
_223 _a954.14 _bBAU 1995 |
||
| 100 |
_aবন্দ্যোপাধ্যায়, তাপস _9194094 |
||
| 245 |
_aঊনিশ শতকের রানাঘাট / _cতাপস বন্দ্যোপাধ্যায় |
||
| 260 |
_aকলিকাতা : _bসাহিত্যশ্রী, _c১৯৯৫. |
||
| 300 |
_a১৭৯ পৃ. : _bচিত্র ; _c২২ সেমি. |
||
| 504 | _aসংযুক্ত গ্রন্থপজ্ঞী. | ||
| 650 |
_aইতিহাস _zভারত _9183299 |
||
| 650 |
_aHistory _zIndia _9194095 |
||
| 942 |
_2ddc _cBK |
||
| 999 |
_c65606 _d65606 |
||